LEADER 01682nam a2200301 i 4500 001 000000253027 003 CaOOAMICUS 005 20250819140126.0 008 170220s2017 it u000 u ita u 020 $a978-88-452-8363-5 040 $aSeMil$bita 100 1 $aMartini, Carlo Maria,$c.$0(OLS)http://semarc/name/89159 245 10$a3: Giustizia, etica e politica nella cittą /$cCarlo Maria Martini ; a cura di Paolo Acanfora ; introduzione di Luigi F. Pizzolato. 264 1$aMilano :$bBompiani,$c2017. 300 $aLIII, 1897 p. ;$c21 cm. 650 4$aMartini, Carlo Maria - Laicato e politica.$0(OLS)http://semarc/subject/30980 650 4$aMartini, Carlo Maria - Politica e societą.$0(OLS)http://semarc/subject/40478 650 4$aMartini, Carlo Maria - Scritti, discorsi, omelie, lettere pastorali, etc.$0(OLS)http://semarc/subject/6501 700 1 $aPizzolato, Luigi Franco,$d<1939- >.$0(OLS)http://semarc/name/40 700 1 $aAcanfora, Paolo.$0(OLS)http://semarc/name/94093 773 0 $aMartini, Carlo Maria $tOpere.$dMilano : Bompiani, 2015-$g3$w()32760 850 $aSeMil 852 $aSeMil$W1$xVenegono$y1$m2F V 103$j203373$B203373$CSeMilBibl$Z2$F216126 $81 961 $aPontiggia don Virginio - Omaggio 996 $6020$a978-88-452-8363-5$9(OLS)http://semarc/number/275569 996 $6245$a3: Giustizia, etica e politica nella cittą$9(OLS)http://semarc/title/431854 996 $6264$aMilano :$bBompiani$9(OLS)http://semarc/publisher/29706 LEADER 00522nab a2200145 i 4500 001 000000314091 003 CaOOAMICUS 005 20180831173125.0 008 180831n xx uu u0 0und r 013 $a23178 040 $aSeMil$bita 100 1 $aLimongi, Paolino.$0(OLS)http://semarc/name/62657 245 13$aLa trasmissione del peccato originale in S. Ilario di Poitiers. 773 0 $t[Gennaio-Dicembre].$g260-273$w()274257 996 $6245$aLa trasmissione del peccato originale in S. Ilario di Poitiers$9(OLS)http://semarc/title/388300